000 00963nam a2200229 a 4500
005 20180803164905.0
008 140226b1998 xxua gr|||| 00| 0 spa d
040 _aCO-BoIAVH
_cCO-BoIAVH
041 _aeng
044 _ack
082 0 4 _a333.9516079
_bI22a
100 1 _aIerland, Ekko C. Van
245 1 _aAttitudes and the value of biodiversity
_ba paper on biodiversity valuation and statements by participants of Benin, Bhutan, Costa Rica and The Netherlands at the workshop "Biodiversity Valuat
260 _aSan José
_bDepartment of Economics and Management Wageningen Agricultural Univerity
_bDepartament of Science
_bTechnology and society
_bUtrecht University
_c1998
300 _a62 paginas. :
_c24 x 17 cm.
650 6 _aBiodiversidad
650 4 _aValoración ambiental
650 4 _aValoración económica
700 1 _aKruijf, Hans A. M. De
700 1 _aHeide, C. Martijn van der
942 _cLIBRO
_2ddc
999 _c1274
_d1274